[Event "Umraniye White Elephant 32nd"]
[Site "Umraniye"]
[Date "2023.10.28"]
[Round "4"]
[White "Yilmaz, Turhan"]
[Black "Ertugrul, Berkay"]
[Result "1-0"]
[WhiteElo "2084"]
[BlackElo "1880"]
[PlyCount "139"]
[EventDate "2023.10.25"]
[EventType "swiss"]
[EventRounds "7"]
[EventCountry "TUR"]
[SourceTitle "Mega2024 Update 01"]
[Source "Chessbase"]
[SourceDate "2023.11.12"]
[SourceVersion "1"]
[SourceVersionDate "2023.11.12"]
[SourceQuality "1"]

1. e4 e5 2. Nf3 Nc6 3. Nc3 Nf6 4. d4 exd4 5. Nxd4 Bb4 6. Nxc6 bxc6 7. Bd3 0-0 8. 0-0 Re8 9. Qf3 h6 10. Bf4 d6 11. h3 Nd7 12. Qg3 Kh8 13. Be3 Nc5 14. Bd2 Nxd3 15. cxd3 a5 16. a3 Bc5 17. Be3 Bb6 18. Rac1 Rb8 19. Rc2 Ba6 20. Rd1 d5 21. Bxb6 cxb6 22. exd5 cxd5 23. Ne2 Qg5 24. Qxg5 hxg5 25. Nd4 Rbc8 26. Rxc8 Rxc8 27. Kf1 Re8 28. f3 Re3 29. Kf2 Rxd3 30. Rxd3 Bxd3 31. g3 f6 32. Ke3 Bf1 33. h4 gxh4 34. gxh4 Kg8 35. Nf5 Kf7 36. Kd4 Bg2 37. Ke3 Bh3 38. Nd4 Bd7 39. Ne2 Ke6 40. Ng3 Be8 41. f4 g6 42. Kd4 Bf7 43. f5+ gxf5 44. Ne2 f4 45. Nxf4+ Kf5 46. Nxd5 Kg6 47. Nxb6 Kh5 48. Nd7 f5 49. Ke5 Bg6 50. Nf8 Bf7 51. Kxf5 Kxh4 52. Kf4 Kh3 53. Nd7 Kg2 54. Ke3 Kf1 55. Ne5 Be6 56. Kd3 Ke1 57. Kc3 Kd1 58. b3 Kc1 59. a4 Kb1 60. Nc6 Ka2 61. Nxa5 Bd7 62. Nc4 Be8 63. Kb4 Bc6 64. a5 Bb7 65. Ne5 Ba6 66. Nd7 Bb7 67. Nc5 Ba8 68. a6 Kb2 69. a7 Kc2 70. Na6 1-0

[Event "Istanbul op-A 12th"]
[Site "Istanbul"]
[Date "2013.10.12"]
[Round "1"]
[White "Muratoglu, Salih"]
[Black "Ertugrul, Berkay"]
[Result "1-0"]
[WhiteElo "2069"]
[BlackElo "1739"]
[PlyCount "75"]
[EventDate "2013.10.12"]
[EventType "swiss"]
[EventRounds "9"]
[EventCountry "TUR"]
[SourceTitle "EXT 2014"]
[Source "ChessBase"]
[SourceDate "2013.11.20"]
[SourceVersion "1"]
[SourceVersionDate "2013.11.20"]
[SourceQuality "1"]

1. d4 Nf6 2. c4 d5 3. Nf3 g6 4. Nc3 Bg7 5. e3 0-0 6. Be2 Nc6 7. 0-0 Na5 8. Ne5 Nxc4 9. Nxc4 dxc4 10. Bxc4 c5 11. dxc5 Qa5 12. c6 bxc6 13. Qa4 Qg5 14. Qxc6 Rb8 15. Qf3 Rb4 16. e4 Qh4 17. Bd3 Rd8 18. Bc2 Ng4 19. Qg3 Qh5 20. h3 Nf6 21. a3 Rc4 22. Be3 Qa5 23. Rfd1 Nh5 24. Rxd8+ Qxd8 25. Qb8 Bxc3 26. bxc3 Rxc3 27. Bd1 Nf6 28. Bf3 Nd7 29. Qxa7 Ne5 30. Be2 Rc2 31. Rd1 Qe8 32. Bf1 Be6 33. Qa5 Nd7 34. Bb5 Qc8 35. Qb4 Rc3 36. Qxe7 Rc7 37. Bh6 Rb7 38. Bxd7 1-0

[Event "Istanbul op-A 11th"]
[Site "Istanbul"]
[Date "2012.09.07"]
[Round "8"]
[White "Ertugrul, Berkay"]
[Black "Omar, Abdulwahab"]
[Result "1/2-1/2"]
[WhiteElo "1708"]
[BlackElo "2031"]
[PlyCount "79"]
[EventDate "2012.08.30"]
[EventType "swiss"]
[EventRounds "9"]
[EventCountry "TUR"]
[SourceTitle "CBM 150 Extra"]
[Source "ChessBase"]
[SourceDate "2012.10.19"]
[SourceVersion "1"]
[SourceVersionDate "2012.10.19"]
[SourceQuality "1"]

1. e4 c5 2. Nf3 d6 3. d4 cxd4 4. Nxd4 Nf6 5. Nc3 g6 6. Be3 Bg7 7. f3 Nc6 8. Qd2 0-0 9. 0-0-0 Nd7 10. g4 Nb6 11. Nxc6 bxc6 12. Bh6 Be6 13. h4 f6 14. Be2 Nc4 15. Bxc4 Bxc4 16. Bxg7 Kxg7 17. g5 Qa5 18. Kb1 Rab8 19. b3 Be6 20. gxf6+ Rxf6 21. f4 Bg4 22. Rdg1 Bh5 23. Rg5 Qb4 24. Rhg1 Kh8 25. f5 Rbf8 26. Kb2 Qb6 27. Qg2 R6f7 28. Ne2 Qe3 29. Ng3 Bf3 30. Qh2 Bxe4 31. Nxe4 Qxe4 32. R1g4 Qe5+ 33. Qxe5+ dxe5 34. fxg6 hxg6 35. Rxg6 Rf6 36. R6g5 Rf5 37. Rg6 R5f6 38. R6g5 Rf5 39. Ra4 Rxg5 40. hxg5 1/2-1/2

[Event "Istanbul op-A 11th"]
[Site "Istanbul"]
[Date "2012.09.04"]
[Round "5"]
[White "Kuseyri, Mehmet Ali"]
[Black "Ertugrul, Berkay"]
[Result "0-1"]
[WhiteElo "2037"]
[BlackElo "1708"]
[PlyCount "60"]
[EventDate "2012.08.30"]
[EventType "swiss"]
[EventRounds "9"]
[EventCountry "TUR"]
[SourceTitle "CBM 150 Extra"]
[Source "ChessBase"]
[SourceDate "2012.10.19"]
[SourceVersion "1"]
[SourceVersionDate "2012.10.19"]
[SourceQuality "1"]

1. d4 d5 2. c4 c6 3. Nc3 Nf6 4. e3 Bf5 5. Qb3 Qd7 6. Nf3 dxc4 7. Bxc4 e6 8. 0-0 Bd6 9. Re1 b5 10. Bf1 Bg4 11. e4 Bxf3 12. gxf3 Be7 13. Nxb5 cxb5 14. Bxb5 Nc6 15. Bg5 0-0 16. Qa4 Rac8 17. Rac1 Qxd4 18. Bxc6 Qxb2 19. Qxa7 Bb4 20. Red1 Qe2 21. Qe3 Qxa2 22. Bxf6 gxf6 23. Qh6 Be7 24. e5 f5 25. Rd7 Qa3 26. Qe3 Rfd8 27. Rxd8+ Rxd8 28. Qh6 Kh8 29. Kh1 Rg8 30. Re1 Qc5 0-1

[Event "World School-ch U13 6th"]
[Site "Kayseri"]
[Date "2010.07.25"]
[Round "5"]
[White "Kara, Can"]
[Black "Ertugrul, Berkay"]
[Result "1-0"]
[WhiteElo "1742"]
[BlackElo "1694"]
[PlyCount "113"]
[EventDate "2010.07.21"]
[EventType "swiss"]
[EventRounds "9"]
[EventCountry "TUR"]
[SourceTitle "CBM 137 Extra"]
[Source "ChessBase"]
[SourceDate "2010.09.01"]
[SourceVersion "1"]
[SourceVersionDate "2010.09.01"]
[SourceQuality "1"]

1. e4 c5 2. Nf3 Nc6 3. d4 cxd4 4. Nxd4 g6 5. Be3 Bg7 6. c3 d6 7. Nd2 Nf6 8. Be2 0-0 9. f4 a6 10. Bf3 Bd7 11. 0-0 Rc8 12. Qe2 Na5 13. Rfc1 b5 14. b3 Nc6 15. a4 Nxd4 16. Bxd4 bxa4 17. bxa4 a5 18. Rcb1 Rb8 19. Rxb8 Qxb8 20. Nc4 Ne8 21. e5 dxe5 22. Nxe5 Bxe5 23. Bxe5 Qa7+ 24. Bd4 Qc7 25. Qxe7 Be6 26. Bc5 Qxe7 27. Bxe7 Ng7 28. Bxf8 Kxf8 29. Bc6 Ke7 30. Rd1 Nf5 31. Kf2 Nd6 32. Re1 Kf6 33. Re5 Nc4 34. Rc5 Ke7 35. Bd5 Kd6 36. Rxc4 Kxd5 37. Rd4+ Kc5 38. h3 h5 39. Ke3 Bc4 40. g4 hxg4 41. hxg4 Be6 42. Kf3 Bd5+ 43. Kg3 Be6 44. Kh4 Bd5 45. Kg5 Bb3 46. Kf6 Be6 47. f5 gxf5 48. gxf5 Bb3 49. Re4 Bc2 50. Re5+ Kb6 51. Kxf7 Bxa4 52. Ke7 Bb3 53. f6 a4 54. f7 Bxf7 55. Kxf7 a3 56. c4 a2 57. Re1 1-0

[Event "World School-ch U13 6th"]
[Site "Kayseri"]
[Date "2010.07.22"]
[Round "2"]
[White "Ertugrul, Berkay"]
[Black "Vasilyev, Vasily"]
[Result "0-1"]
[WhiteElo "1694"]
[BlackElo "2002"]
[PlyCount "56"]
[EventDate "2010.07.21"]
[EventType "swiss"]
[EventRounds "9"]
[EventCountry "TUR"]
[SourceTitle "CBM 137 Extra"]
[Source "ChessBase"]
[SourceDate "2010.09.01"]
[SourceVersion "1"]
[SourceVersionDate "2010.09.01"]
[SourceQuality "1"]

1. e4 c5 2. Nf3 d6 3. d4 cxd4 4. Qxd4 Nc6 5. Bb5 Bd7 6. Bxc6 Bxc6 7. Nc3 Nf6 8. Bg5 h6 9. Bh4 g5 10. Bg3 Bg7 11. h3 Nh5 12. Qe3 Nxg3 13. fxg3 Qb6 14. Qxb6 axb6 15. Nd2 b5 16. Kf2 Bd4+ 17. Ke1 b4 18. Nd1 Rf8 19. g4 e6 20. Rf1 Kd7 21. Rf3 f5 22. gxf5 exf5 23. exf5 Rae8+ 24. Kf1 Bb5+ 25. Rd3 Rxf5+ 26. Nf3 h5 27. a4 Bxd3+ 28. cxd3 g4 0-1

[Event "LSS OP-2009-0-01033"]
[Site "LSS email"]
[Date "2009.12.29"]
[Round "?"]
[White "Miklos, Tibor"]
[Black "Ertugrul, Berkay"]
[Result "0-1"]
[WhiteElo "1576"]
[BlackElo "1705"]
[PlyCount "60"]
[EventDate "2009.12.24"]
[EventType "tourn (corr)"]
[EventRounds "4"]
[EventCountry "GER"]
[SourceTitle "Corr 2013"]
[Source "ChessBase"]
[SourceDate "2012.11.12"]
[SourceVersion "1"]
[SourceVersionDate "2012.11.12"]
[SourceQuality "1"]

1. d4 d5 2. c4 c6 3. Nc3 Nf6 4. Nf3 dxc4 5. a4 Bf5 6. e3 e6 7. Bxc4 Bb4 8. Bd2 Nbd7 9. 0-0 0-0 10. Nh4 Bg4 11. Be2 Bxe2 12. Qxe2 e5 13. Nf5 exd4 14. Nxd4 Re8 15. Rfd1 Qb6 16. Nf5 Re5 17. Ng3 Rae8 18. h3 Nc5 19. Be1 Ba5 20. Qc2 Qb3 21. Qxb3 Nxb3 22. Rab1 Bb6 23. Rd3 Nc5 24. Rdd1 a5 25. Kf1 Rd8 26. Nge2 Ree8 27. Nd4 g6 28. g4 h6 29. b3 Rd7 30. Ke2 Bc7 0-1